La Verdad en la cuestión entre fabricantes y operarios / por Luis Puig y Sevall
Descripción Física:
31 p. ; 25 cm
Materias:
Treball
MARC
| LEADER | 00000nam a2200000Ia 4500 | ||
|---|---|---|---|
| 001 | 12112 | ||
| 008 | 160829s1870) xx 000 0 cat d | ||
| 080 | |a RF-8-52 | ||
| 100 | |a Puig i Savall, Lluís |9 38605 | ||
| 245 | |a La Verdad en la cuestión entre fabricantes y operarios / por Luis Puig y Sevall | ||
| 260 | |a Barcelona : |b (Imp. J. Jepús Roviralta, |c 1870) | ||
| 300 | |a 31 p. ; |c 25 cm | ||
| 650 | |a Treball |9 32343 | ||
| 856 | 4 | |u https://media.diba.cat/diba/fitxers/arxiu/fulletons/bib_12112_1870_baixa.pdf |y Accés lliure | |
| 856 | 4 | |u https://media.diba.cat/diba/fitxers/arxiu/fulletons/bib_12112_1870_baixa.pdf |y Accés lliure | |
| 901 | |a Arxiu | ||
| 942 | |n 1 |2 udc | ||
| 952 | |0 0 |1 0 |4 0 |6 RF852 |7 1 |9 48497 |a Arxiu |b Arxiu |d 2016-12-01 |l 0 |o RF-8-52 |p 12112 |r 2016-12-01 00:00:00 |w 2016-12-01 |y ARXIU | ||
| 999 | |c 52326 |d 52326 | ||
| 900 | |a bib_12112_1870_baixa.pdf | ||